Family planning programme and beyond: policy and administration (Record no. 83728)

MARC details
000 -LEADER
fixed length control field 00404nam a2200157Ia 4500
008 - FIXED-LENGTH DATA ELEMENTS--GENERAL INFORMATION
fixed length control field 230917s9999||||xx |||||||||||||| ||und||
020 ## - ISBN
Price RS300
040 ## - CATALOGING SOURCE
-- 9794
Original cataloging agency VIVEKANANDA LIBRARY
041 ## - Language
-- English
082 ## - DDC NUMBER
Classification number 301.426 G552F
100 ## - MAIN ENTRY--PERSONAL NAME
Personal name Goel, S L
245 #0 - TITLE STATEMENT
Title Family planning programme and beyond: policy and administration
260 ## - PUBLICATION, DISTRIBUTION, ETC. (IMPRINT)
Place of publication, distribution, etc New Delhi
Name of publisher, distributor, etc Deep & Deep
Date of publication, distribution, etc 1990
300 ## - PHYSICAL DESCRIPTION
Pages 348 p.
942 ## - ADDED ENTRY ELEMENTS (KOHA)
Koha item type Books
Holdings
Withdrawn status Lost status Damaged status Not for loan Location (home branch) Sublocation or collection (holding branch) Date acquired Koha issues (times borrowed) Koha full call number Accession No. Koha date last seen Koha item type
        VIVEKANANDA LIBRARY VIVEKANANDA LIBRARY 08/08/2002   301.426 G552F 161341 17/09/2023 Books
© Designed and Maintained by Vivekananda Library, MDU Rohtak